Personnages des Aristochats par images - Disney - Statistiques

Statistiques générales
  • Ce quiz a été pris 44 fois
  • Le résultat moyen est 11 sur 21
Statistiques - réponses
Par images Réponse % Correct
Duchesse
100%
Marie
97%
Toulouse
92%
Berlioz
86%
Thomas O'Malley
83%
Edgar
81%
Lafayette
58%
Napoléon
58%
Roquefort
58%
Frou-Frou
56%
Amélie Jacasse
50%
Oncle Waldo
50%
Amélia Jacasse
44%
Adélaïde de Bonnefamille
39%
Scat Cat
31%
Georges Hautecourt
28%
Le Laitier
22%
Hit Cat
6%
Peppo
6%
Shun Gon
6%
Billy Boss
3%
Aucun quiz correspondant
Distribution des résultats
% des personnes avec chaque résultat
Percentile par nombre de réponses
Votre historique - résultats
Vous n’avez pas pris ce quiz